000
00324 a2200109 4500
001
ART_27796
005
20260410161949.0
008
260409a
245
1
0
_a
Gender and power in Jean Rhyss "Wide Sargasso Sea"
100
1
_a
Acquarone, Cecilia
773
0
_t
Invenio
_g
- Año 1, Nº 2 (nov. 1998)
_w
REV27781
999
_c
30229
_d
30229